American democracy: essays on image and realities

Saved in:
Bibliographic Details
Main Author: Fein, Leonard J (Author)
Format: Book
Language:English
Published: Nueva York Holt, Rinehart and Winston 1964
Subjects:
Tags: Add Tag
No Tags, Be the first to tag this record!

MARC

LEADER 00000nam a2200000 a 4500
001 UCT7844
003 CL-VaPUC
008 970317e19640000US |||||||||||||||||eng|d
082 0 4 |a 321.804  |b FEI  |2 21 
100 0 |a Fein, Leonard J  |e author  |9 379056 
245 1 0 |a American democracy: essays on image and realities 
300 |a 234 p 
942 |c BK 
945 |d 19970317 00:00:00  |a paguirre 
260 |a Nueva York  |b Holt, Rinehart and Winston  |c 1964 
650 0 |a Democracia  |9 255256 
650 7 |a SISTEMAS POLITICOS  |2 CL-VaPUC  |9 379057 
650 0 |a Doctrinas políticas  |9 255835 
650 0 |a Libertad  |9 255686 
650 7 |a PARTICIPACION POLITICA  |2 CL-VaPUC  |9 379058 
583 |a last modification  |c 19970317 00:00:00  |k Rodrigo Vera 
999 |c 256391  |d 256389 
952 |0 0  |1 0  |4 0  |6 321_804000000000000_FEI_1964  |7 0  |8 A  |9 279101  |a BIBDER  |b BIBDER  |d 2019-11-19  |i 1808427  |o 321.804 FEI 1964  |p 1808427  |r 2023-01-25  |w 2019-11-19  |y BK  |k DER